Amino acids - Statistics

General Stats
  • This quiz has been taken 51 times
  • The average score is 8 of 20
Answer Stats
Picture Answer % Correct
Glycine (Gly, G)
100%
Valine (Val, V)
86%
Alanine (Ala, A)
82%
Leucine (Leu, L)
73%
Methionine (Met, M)
73%
Phenylalanine (Phe, F)
73%
Isoleucine (Ile, I)
64%
Proline (Pro, P)
45%
Serine (Ser, S)
41%
Tryptophan (Trp, W)
41%
Glutamine (Gln, Q)
32%
Threonine (Thr, T)
32%
Asparagine (Asn, N)
23%
Tyrosine (Tyr, Y) pka = 10
5%
Arginine (Arg, R) pka = 12
0%
Aspartate (Asp, D) pka = 4,5
0%
Cysteine (Cys, C) pka = 8
0%
Glutamate (Glu, E) pka = 4,5
0%
Histidine (His, H) pka = 6
0%
Lysine (Lys, K) pka = 10
0%
No matching quizzes found
Score Distribution
Percent of People with Each Score
Percentile by Number Answered
Your Score History
You have not taken this quiz